Strategic behavior in business and government
Salvato in:
| Autore principale: | |
|---|---|
| Natura: | Libro |
| Lingua: | inglese |
| Pubblicazione: |
Boston
Little, Brown and Company
1980
|
| Serie: | <The> Little, Brown series in strategy and policy
|
| Soggetti: | |
| Tags: |
Nessun Tag, puoi essere il primo ad aggiungerne!!
|
MARC
| LEADER | 00000nam a2200000 4500 | ||
|---|---|---|---|
| 001 | c101967 | ||
| 005 | 20221123135831.1 | ||
| 020 | |a 0-316-821977 | ||
| 041 | 0 | |a eng | |
| 044 | |a us | ||
| 245 | 1 | 0 | |a Strategic behavior in business and government |c Charles E. Summer |
| 264 | 1 | |a Boston |b Little, Brown and Company |c 1980 | |
| 300 | |a 378 s. | ||
| 490 | 1 | |a <The> Little, Brown series in strategy and policy | |
| 830 | 0 | |a <The> Little, Brown series in strategy and policy | |
| 610 | 2 | 0 | |a organizácia |
| 610 | 2 | 0 | |a správanie organizačné |
| 610 | 2 | 0 | |a spoločnosť |
| 610 | 2 | 0 | |a účasť na riadení |
| 610 | 2 | 0 | |a politika |
| 610 | 2 | 0 | |a spoločnosti obchodné |
| 610 | 2 | 0 | |a konflikty |
| 610 | 2 | 0 | |a rozhodovanie |
| 610 | 2 | 0 | |a manažéri |
| 610 | 2 | 0 | |a kultúra |
| 610 | 2 | 0 | |a zamestnanci |
| 610 | 2 | 0 | |a správa verejná |
| 610 | 2 | 0 | |a riadenie podnikové |
| 610 | 2 | 0 | |a štruktúra organizačná |
| 610 | 2 | 0 | |a pracovníci riadiaci |
| 610 | 2 | 0 | |a riadenie strategické |
| 100 | 1 | |a Summer, Charles E. | |